000 00495nam a2200181Ia 4500
001 4222
005 20260306145740.0
008 260306t2009||||xx |||||||||||||| ||spa||
041 _aESP
082 _a320.011
_bI59
100 _aInstituto Interamericano de Derechos Humanos
_eAUT
245 0 _aAcceso a la justicia y derechos humanos en Panamá:
_bMódulo autoformativo
260 _c2009
300 _a255 páginas :
_c28 cm.
650 _aGEN
654 _aCDE
942 _cLIB
_dJUS
_fJUS
_2ddc
_n
999 _c4222
_d4222